000 01516cam a22002294a 4500
005 20250605163942.0
008 250528s ||||||||||||||||||||||||d
035 _a15082
020 _a256181500
040 _aGR-AtMCL
_bgre
_dGR-AtMCL
_eAACR2
245 1 _aAdvanced Accounting / Fifth Edition
250 _a5th
260 _bMcgraw Hill Irwin,
_c1994
300 _a922
520 _aThe Equity Method of Accounting for Investments, Consolidation of Financial Information, Consolidations - Subsequent to the Date of Acquisition, Consolidated Financial Statements and Outside Ownership, Consolidated Financial Statements - Intercompany Asset Transactions, Intercompany Debt and Other Consolidation Issues, Ownership Patterns and Income Taxes, Branch and Consignment Accounting, Foreign Currency Transactions and Hedging Foreign Exchange Risk, Translation of Foreign Currency Financial Statements, Worldwide Accounting Diversity and International Standards, Reporting Disaggregated Information, Accounting for Legal Reorganizations and Liquidations, Parthnerships: Formation and Operation, Parthnerships: Termination and Liquidation, Accounting for State and Local Governments, Accounting for Government-Owned Colleges and Universities, Accounting for Estates and Trusts, Financial Reporting and the Securities and Exchange Commission, Index.
700 1 _aDoupnik S. Timothy
_9923
700 1 _aHoyle B. Joe
_9924
700 1 _aSchaefer F. Thomas
_9925
942 _cBK
999 _c681
_d681